Top 10 Cities by European Subregion on the Map - Statistics

General Stats
  • This quiz has been taken 635 times
  • The average score is 61 of 70
Answers on the Map
Answers color-coded by a green-red scale on the quiz's map according to % correct below.
 
Answer Stats
Subregion Pop City % Correct
Western 9.04 m London
99%
Southwestern 1.63 m Barcelona
98%
Southwestern 552 k Lisbon
98%
Southwestern 3.26 m Madrid
98%
Western 2.18 m Paris
98%
Central 3.66 m Berlin
97%
Northern 653 k Helsinki
97%
Southeastern 15.1 m Istanbul
97%
Eastern 12.4 m Moscow
97%
Northern 693 k Oslo
97%
Southern 2.83 m Rome
97%
Northern 974 k Stockholm
97%
Western 872 k Amsterdam
96%
Southern 664 k Athens
96%
Southeastern 1.88 m Bucharest
96%
Northern 1.33 m Copenhagen
96%
Eastern 2.96 m Kyiv
96%
Western 563 k Manchester
96%
Southern 1.39 m Milan
96%
Eastern 5.39 m Saint Petersburg
96%
Central 1.91 m Vienna
96%
Central 1.79 m Warsaw
96%
Central 1.75 m Budapest
95%
Central 1.84 m Hamburg
95%
Central 1.48 m Munich
95%
Southern 962 k Naples
95%
Central 1.32 m Prague
95%
Southeastern 1.24 m Sofia
95%
Western 629 k Glasgow
94%
Western 586 k Liverpool
94%
Southeastern 1.16 m Belgrade
93%
Western 863 k Marseille
93%
Western 651 k Rotterdam
93%
Southeastern 688 k Zagreb
93%
Western 1.16 m Birmingham
92%
Central 763 k Frankfurt
91%
Southeastern 418 k Tirana
91%
Southeastern 348 k Sarajevo
90%
Southwestern 688 k Seville
90%
Southwestern 794 k Valencia
90%
Central 1.08 m Cologne
89%
Central 779 k Krakow
89%
Southern 870 k Turin
89%
Northern 344 k Malmö
88%
Southern 657 k Palermo
88%
Southeastern 509 k Skopje
88%
Southern 372 k Florence
87%
Southwestern 346 k Bilbao
85%
Northern 579 k Gothenburg
85%
Southern 574 k Genoa
84%
Northern 283 k Bergen
83%
Southwestern 574 k Malaga
80%
Southwestern 416 k Palma
80%
Eastern 1.44 m Kharkiv
79%
Southwestern 674 k Zaragoza
78%
Southern 390 k Bologna
77%
Southern 322 k Bari
76%
Western 577 k Bristol
76%
Northern 280 k Aarhus
74%
Eastern 1.13 m Rostov-on-Don
73%
Eastern 1.25 m Nizhny Novgorod
68%
Southeastern 336 k Varna
68%
Eastern 1.25 m Kazan
67%
Southwestern 453 k Murcia
63%
Northern 238 k Tampere
62%
Southeastern 347 k Plovdiv
61%
Eastern 1.12 m Ufa
56%
Northern 289 k Espoo
54%
Eastern 1.15 m Samara
54%
Eastern 1.05 m Voronezh
46%
No matching quizzes found
Score Distribution
Percent of People with Each Score
Percentile by Number Answered
Your Score History
You have not taken this quiz